000 01232nam a2200313Ia 4500
001 ebr10687072
003 CaPaEBR
006 m u
007 cr cn|||||||||
008 121123s2013 nju sb 001 0 eng d
010 _z 2012041400
020 _z9781118145210 (pbk.)
020 _z9781118225769 (ebook)
040 _aCaPaEBR
_cCaPaEBR
035 _a(OCoLC)819860954
050 1 4 _aRC489.S676
_bJ64 2013eb
082 0 4 _a616.89/14
_223
100 1 _aJohnson, Rick,
_d1964 July 21-
245 1 0 _aSpirituality in counseling and psychotherapy
_h[electronic resource] :
_ban integrative approach that empowers clients /
_cRick Johnson.
260 _aHoboken :
_bWiley,
_cc2013.
300 _axxiii, 263 p.
504 _aIncludes bibliographical references and index.
533 _aElectronic reproduction.
_bPalo Alto, Calif. :
_cebrary,
_d2013.
_nAvailable via World Wide Web.
_nAccess may be limited to ebrary affiliated libraries.
650 0 _aPsychotherapy
_xReligious aspects.
650 0 _aSpirituality.
655 7 _aElectronic books.
_2local
710 2 _aebrary, Inc.
856 4 0 _uhttp://site.ebrary.com/lib/rucke/Doc?id=10687072
_zAn electronic book accessible through the World Wide Web; click to view
999 _c13104
_d13104